000 01852nam a22003977a 4500
001 0065999
003 KOHA_MİRAKIL
005 20260207004624.0
007 ta
008 210304b2009 tu a|||gr||||#0|||0|eng |
040 _aTR-BiSEU
_btur
_cTR-BiSEU
_erda
041 0 _aeng
_aota
044 _ctu
050 _aDR542
_b.K37 2009
100 1 _aKarahasanoğlu, Selim.
245 1 _aPolitics and governance in the Ottoman Empire :
_bthe rebellion of 1730 :
_ban account of the revolution that took place in Constantinople in the year 1143 of the HegiraVâki'a takrîri binyüzkırküç'de terkîb olunmuşdur/
_cSelim Karahasanoğlu ; Selim Karahasanoğlu; edited by Cemal Kafadar, Gönül Alpay Tekin.
264 1 _a[Cambridge, Mass.] :
_bThe Department of Near Eastern Languages and Literatures Harvard University
_c2009
300 _a215 sayfa :
_btıpkıbasım; 28 cm.
336 _ametin
_btxt
_2rdacontent
337 _aaracısız
_bn
_2rdamedia
338 _acilt
_bnc
_2rdacarrier
490 1 _aDoğu dilleri ve edebiyatlarının kaynakları ;
_v94.
490 1 _a Türkçe kaynaklar ;
_v84 =
_a Sources of Oriental languages and literatures ;
_v94.
490 1 _a Turkish sources ;
_v84
500 _aIncludes index.
500 _aIn English; facsimiles in Ottoman Turkish (Arabic and roman script); facsimiles in French.
650 0 _aPatrona Halil, d.1730.
_9124315
650 0 _aTurkey--History--Ahmed III, 1703-1730--Sources.
_9124316
650 0 _aTurkey--History--1683-1823--Sources.
_9124317
650 0 _aTurkey--History--Rebellion, 1730.
_9124318
830 1 _aDoğu dilleri ve edebiyatlarının kaynakları ;
_v94.
_985097
830 1 _a Türkçe kaynaklar ;
_v84 =
_a Sources of Oriental languages and literatures ;
_v94.
_9124189
830 1 _a Turkish sources ;
_v84
_9124190
907 _aTarih
942 _2lcc
_cBK
999 _c66382
_d66382